Key concepts in medical sociology (Record no. 53499)
[ view plain ]
| 000 -LEADER | |
|---|---|
| fixed length control field | 01316nam a2200361 a 4500 |
| 082 04 - DEWEY DECIMAL CLASSIFICATION NUMBER | |
| Classification number | 363.1/042 |
| 100 1# - MAIN ENTRY--AUTHOR NAME | |
| Personal name | Gabe, Jonathan. |
| 245 10 - TITLE STATEMENT | |
| Title | Key concepts in medical sociology |
| 260 ## - PUBLICATION, DISTRIBUTION, ETC. (IMPRINT) | |
| Place of publication | London ; |
| -- | Thousand Oaks, Calif. : |
| Name of publisher | SAGE Publications, |
| Year of publication | c2004. |
| 300 ## - PHYSICAL DESCRIPTION | |
| Number of Pages | xviii, 256 p. |
| 490 1# - SERIES STATEMENT | |
| Series statement | SAGE key concepts |
| 650 #0 - SUBJECT ADDED ENTRY--TOPICAL TERM | |
| Topical Term | Social medicine. |
| 700 1# - ADDED ENTRY--PERSONAL NAME | |
| Personal name | Bury, Michael, |
| Personal name | Elston, Mary Ann. |
| 856 40 - ELECTRONIC LOCATION AND ACCESS | |
| Uniform Resource Identifier | http://site.ebrary.com/lib/rucke/Doc?id=10076713 |
No items available.
